| 000 | 01035cam a2200241 i 4500 | ||
|---|---|---|---|
| 001 | 20575327 | ||
| 005 | 20241105131108.0 | ||
| 008 | 180709s2018 enk b 001 0 eng | ||
| 020 | _a9780414067141 | ||
| 050 | 0 | 0 |
_aKD1975 _b.C43 2018 |
| 245 | 0 | 0 |
_aCharlesworth & Percy on negligence _cgeneral editor: C. T. Walton, MA (CANTAB) |
| 250 |
_aFourteenth edition / _bgeneral editor, C.T. Walton, MA (Cantab) ; associate editors, Mark Armitage, MA (Cantab) LLM (Cantab), Roger Cooper, BSC, Richard Hyde, PhD, Philip Kramer, LLB (NewC), Stephen Todd, LLM (Sheff), LLD (Cant). |
||
| 260 |
_aLondon _bThomson Reuters _cc2018 |
||
| 300 |
_accxii, 1354 pages ; _c24 cm. _bIndex |
||
| 650 | 0 |
_aNegligence _zGreat Britain. |
|
| 700 | 1 |
_aWalton, C. T., _eeditor. |
|
| 700 | 1 |
_aArmitage, Mark _c(Lawyer), _eeditor. |
|
| 700 | 1 |
_aCooper, Roger _c(Barrister), _eeditor. |
|
| 700 | 1 |
_aHyde, Richard, _eeditor. |
|
| 700 | 1 |
_aKramer, Philip _c(District judge), _eeditor. |
|
| 700 | 1 |
_aTodd, Stephen _q(Stephen M. D.), _eeditor. |
|
| 942 |
_2lcc _cBK _e14th Ed. _n0 |
||
| 999 |
_c635 _d635 |
||